| 000 | 01375cam a22003251ia4500 | ||
|---|---|---|---|
| 003 | SA-RiAUC | ||
| 005 | 20260106120237.0 | ||
| 008 | 260105s2005 su g 00000cara c | ||
| 020 | _a9960101428 | ||
| 040 |
_aSA-JeALM _bara _cSA-RiAUC _erda |
||
| 050 | 4 | _b.A84 2005 | |
| 082 | 0 | 4 |
_a239.9 _qSA-RiAUC |
| 090 |
_a239.9 _bع ا ش |
||
| 100 | 1 |
_aعاشور، سامي عاشور حسن _eمؤلف. |
|
| 245 | 1 | 2 |
_aما أجمل التأدب مع النبي الكريم صلى الله عليه وسلم _cسامي عاشور حسن بن عاشور. |
| 250 | _aالطبعة الاولى. | ||
| 264 | 1 |
_aمكة المكرمة : _bسامي عاشور حسن بن عاشور، _c2012 |
|
| 300 |
_a338 صفحة ؛ _c24 سم |
||
| 336 |
_aنص _btxt _2rdacontent _3كتاب |
||
| 337 |
_aبدون وسيط _bn _2rdamedia |
||
| 600 | 0 | 7 |
_aمحمد (صلى الله عليه وسلم)، _d53 قبل الهجرة-11 هجري _xأتباع _2aucnm |
| 650 | 7 |
_aالصحابة والتابعون _vتراجم _2aucsh |
|
| 650 | 7 |
_aحب النبي صلى الله عليه وسلم _2aucsh |
|
| 650 | 7 |
_aالسيرة النبوية _2aucsh |
|
| 650 | 7 |
_aالتاريخ الإسلامي _yعصر صدر الإسلام _2aucsh |
|
| 650 | _aالأخلاق الإسلامية | ||
| 653 | _aالديانات | ||
| 942 |
_2ddc _cBOOK _n0 |
||
| 949 |
_aSA-JeALM _d260105 _uosman123 _n1 |
||
| 999 |
_c13903 _d13903 |
||